000 00458 a2200109 4500
001 ART_53614
005 20260410161822.0
008 260409a
245 1 0 _aLa necesaria e imprescindible publicidad de los actos de la administración tributaria para mejorar el cumplimiento fiscal y garantizar la igualdad ante la ley
100 1 _aMecikovsky, Jaime L.
773 0 _tDoctrina Penal Tributaria y Económica
_g- N° 61 (set. 2021)
_wREV4317
999 _c22485
_d22485